| 000 | 00447nam a2200193Ia 4500 | ||
|---|---|---|---|
| 003 | OSt | ||
| 005 | 20250716111551.0 | ||
| 008 | 210210b1980 xxu||||| |||| 00| 0 eng d | ||
| 040 | _cAL | ||
| 041 | _aeng | ||
| 082 | _a954 MAHI | ||
| 100 |
_aMahajan V D _9218931 |
||
| 245 | _aIndia since 1956 Ed 14 | ||
| 260 |
_aND _bS. Chand & Co. Ltd. _c1980 |
||
| 300 | _axx,616p | ||
| 690 |
_aIndian History _9218932 |
||
| 906 | _a036459 | ||
| 942 |
_2ddc _cBK |
||
| 999 |
_c87077 _d87077 |
||